| 000 | 00924nam a22002297a 4500 | ||
|---|---|---|---|
| 005 | 20130911171312.0 | ||
| 010 | _aB-515316-355 B-523498-499 | ||
| 020 |
_a8190599089 _c225.00 |
||
| 020 |
_a9788190599085 _c225.00 |
||
| 035 | _aB-515316-355 B-523498-499 | ||
| 037 |
_adpl _bUBH |
||
| 082 | _aS | ||
| 245 |
_aTales of Humour / _cedited by Anant Pai |
||
| 260 |
_aMumbai _bAmar Chitra Katha _c2013 |
||
| 270 |
_aKrishna House, 3rd Floor, Raghuvanshi Mill Compound, S.B.Marg, Lower Parel (W) _bMumbai _e400013 |
||
| 300 |
_aVol.1006, 30p. _bcol.ill. _c22cm.(Hb) |
||
| 500 | _a5-in-1 | ||
| 505 | _aRaman of Tenali, Raman the Matchless Wit, Birbal the just, Birbal the Witty, Gopal the Jester | ||
| 942 |
_2ddc _cCH _hS _mTAL |
||
| 999 |
_c79294 _d79294 |
||